Catálogo

Manual de estados y profesiones de la naturaleza del indio / (Registro nro. 29177)

Detalles MARC
000 -LEADER
fixed length control field 01737cam a2200361 i 4500
001 - CONTROL NUMBER
control field 29177
003 - CONTROL NUMBER IDENTIFIER
control field Mx-PuUPA
005 - DATE AND TIME OF LATEST TRANSACTION
control field 20250724125342.0
008 - FIXED-LENGTH DATA ELEMENTS--GENERAL INFORMATION
fixed length control field 140415s1986 mx ah gr 001 0 spa d
020 ## - INTERNATIONAL STANDARD BOOK NUMBER
International Standard Book Number 9688420697
040 ## - CATALOGING SOURCE
Transcribing agency Mx-PuUPA
Original cataloging agency Mx-PuUPA
Language of cataloging spa
Modifying agency Mx-PuUPA
Description conventions rda
041 0# - LANGUAGE CODE
Language code of text/sound track or separate title spa
043 ## - GEOGRAPHIC AREA CODE
Geographic area code n-mx---
100 1# - MAIN ENTRY--PERSONAL NAME
Personal name Palafox y Mendoza, Juan de,
Dates associated with a name 1600-1659
9 (RLIN) 6103
245 10 - TITLE STATEMENT
Title Manual de estados y profesiones de la naturaleza del indio /
Statement of responsibility, etc. Juan de Palafox y Mendoza; prólogo de Horacio Labastida
264 #1 - PRODUCTION, PUBLICATION, DISTRIBUTION, MANUFACTURE, AND COPYRIGHT NOTICE
Place of production, publication, distribution, manufacture México, D.F. :
Name of producer, publisher, distributor, manufacturer UNAM Coordinación de Humanidades :
-- Grupo Editorial Miguel Ángel Porrúa
Date of production, publication, distribution, manufacture, or copyright notice ©1986
300 ## - PHYSICAL DESCRIPTION
Extent lxxxvii, 102 páginas :
Other physical details ilustraciones ;
Dimensions 21 cm
336 ## - CONTENT TYPE
Fuente rdacontent
Content type term texto
Content type code txt
337 ## - MEDIA TYPE
Source rdamedia
Media type term sin medio
Media type code n
338 ## - CARRIER TYPE
Source rdacarrier
Carrier type term volumen
Carrier type code nc
490 0# - SERIES STATEMENT
Series statement Biblioteca Mexicana de Escritores Políticos
500 ## - GENERAL NOTE
General note "Manual de Estados y Profesiones, se corresponde facsimilariamente con el texto del tomo VII de las Obras, Madrid, Pablo de Val, M. Alegre, María de Quiñones y Bernardo de Villadiego, 1659-71. De la Naturaleza del Indio, se corresponde, igualmente, con el texto del tomo X de las Obras, Madrid, Gabriel Ramírez, 1762.".-- Hoja legal
600 10 - SUBJECT ADDED ENTRY--PERSONAL NAME
Personal name Palafox y Mendoza, Juan de,
Dates associated with a name 1600-1659
9 (RLIN) 6103
650 #7 - SUBJECT ADDED ENTRY--TOPICAL TERM
Source of heading or term armarc
Topical term or geographic name entry element Indígenas de México
General subdivision Historia
650 #7 - SUBJECT ADDED ENTRY--TOPICAL TERM
Source of heading or term armarc
Topical term or geographic name entry element Indígenas de México
General subdivision Relaciones con el gobierno
650 #7 - SUBJECT ADDED ENTRY--TOPICAL TERM
Source of heading or term armarc
Topical term or geographic name entry element Pueblos autóctonos
Geographic subdivision México
General subdivision Historia
651 #4 - SUBJECT ADDED ENTRY--GEOGRAPHIC NAME
Geographic name México
General subdivision Historia, Colonia Española 1540-1810
700 1# - ADDED ENTRY--PERSONAL NAME
Personal name Labastida, Horacio
Relator term prologuista
9 (RLIN) 4818
942 ## - ADDED ENTRY ELEMENTS (KOHA)
Source of classification or shelving scheme Dewey Decimal Classification
Koha item type Libro
Classification part 972.01
Item part P53
Existencias
Withdrawn status Lost status Source of classification or shelving scheme Damaged status Not for loan Collection code Home library Current library Shelving location Date acquired Source of acquisition Cost, normal purchase price Total Checkouts Full call number Barcode Date last seen Cost, replacement price Price effective from Koha item type
    Dewey Decimal Classification     General Biblioteca Karol Wojtyla Biblioteca Karol Wojtyla Sala general 03/12/2013 Donación 0.00   972.01 P83 1986 63159 05/01/2026 0.00 03/12/2013 Libro